LDR 00749naa#a2200193#i#450# 001 EN\\bibl\123403 005 20260706005453.1 011 ## _a1994-4683 100 ## _a20230731b2023####ek#y0engy0150####ca 102 ## _aRU 200 1# _aCONTENT OF PHYSICAL TRAINING WITHIN THE FRAMEWORK OF INITIAL MILITARY TRAINING ON THE EXAMPLE OF THE KUZBAS HUMANITARIAN AND PEDAGOGICAL INSTITUTE _eJournal article 210 1# _aMoscow _cNational State University of Physical Education, Sports and Health named after P.F. Lesgaft _d2023 215 ## _a3 с. 608 ## _aJournal article _2local 675 ## _aВоенное воспитание. 37.035.7 _z 700 #1 _aObydennikov _gG A 700 #1 _aDobryanskaya _gZ I 700 #1 _aZvyagintseva _gE N 856 4# _auchzapiski.lesgaft.spb.ru _u